Assainissement des villes et égouts de Paris / (Record no. 167911)

MARC details
000 -LEADER
campo de control de longitud fija 00684nam a22001935i 4500
001 - NÚMERO DE CONTROL
campo de control 167911
003 - IDENTIFICADOR DE NÚMERO DE CONTROL
campo de control ES-MaACL
005 - FECHA Y HORA DE LA ÚLTIMA TRANSACCIÓN
campo de control 20230906213625.0
008 - DATOS DE LONGITUD FIJA--INFORMACIÓN GENERAL
campo de control de longitud fija 000412s1898 fr a |||| | fre d
100 1# - ENTRADA PRINCIPAL--NOMBRE DE PERSONA
Nombre de persona Wéry, Paul.
9 (RLIN) 133974
245 10 - MENCIÓN DEL TÍTULO
Título Assainissement des villes et égouts de Paris /
Mención de responsabilidad, etc. par Paul Wéry.
260 ## - PUBLICACIÓN, DISTRIBUCIÓN, ETC.
Lugar de publicación, distribución, etc. Paris :
Nombre del editor, distribuidor, etc. Ch. Dunod,
Fecha de publicación, distribución, etc. 1898 (
Lugar de fabricación/manufactura Tours :
Fabricante Deslis Frères)
300 ## - DESCRIPCIÓN FÍSICA
Extensión VIII, 663 p. :
Otras características físicas il. ;
Dimensiones 19 cm.
490 1# - MENCIÓN DE SERIE
Mención de serie Bibliothèque du conducteur de travaux publics
650 #4 - PUNTO DE ACCESO ADICIONAL DE MATERIA--TÉRMINO DE MATERIA
Término de materia o nombre geográfico como elemento de entrada Salubridad pública-
Subdivisión geográfica Francia.
9 (RLIN) 172601
830 1# - PUNTO DE ACCESO ADICIONAL DE SERIE-TÍTULO UNIFORME
Título uniforme Bibliothèque du conducteur de travaux publics
9 (RLIN) 180955
852 ## - LOCALIZACIÓN
Ubicación ES-MaACL
Número de control de estantería F-2074
Nota libre - Enc. piel
Holdings
Estatus retirado Estado de pérdida Estado de daño No para préstamo Colección Biblioteca de origen Biblioteca actual Ubicación en estantería Fecha de adquisición Fuente de adquisición Total de préstamos Signatura topográfica completa Código de barras Visto por última vez Precio de reemplazo Tipo de ítem Koha
        Libros del s. XIX Biblioteca del Ateneo de Madrid Biblioteca del Ateneo de Madrid Depósito 2 17/01/2008     F-2074 1176158 23/02/2023 23/02/2023 Libro impreso antiguo